[Event "DEM U12 2016"]
[Site "Willingen GER"]
[Date "2016.05.20"]
[Round "10"]
[White "Bethke, Richard"]
[Black "Köllner, Ruben Gideon"]
[Result "0-1"]
[Termination "normal"]
[Board "1"]
[WhiteElo "1844"]
[BlackElo "2087"]
[WhiteClock "00:17:49"]
[BlackClock "00:04:18"]
[PlyCount "112"]
[WhiteFideId "12959243"]
[BlackFideId "12993093"]
[EventCountry "GER"]
[EventRounds "11"]
[EventType "swiss"]
[EventDate "2016.05.14"]

1. e4 d6 2. d4 Nf6 3. Nc3 e5 4. Nge2 exd4 5. Nxd4 Be7 6. Be2 O-O 7. Bf4 a6 8.
Qd2 Nc6 9. Nb3 Be6 10. f3 Nd7 11. h4 b5 12. a4 bxa4 13. Nc1 Nc5 14. Nxa4 Nxa4
15. Rxa4 Bf6 16. Bg5 h6 17. Bxf6 Qxf6 18. b3 Rfd8 19. Rxa6 Rxa6 20. Bxa6 d5 21.
Bd3 dxe4 22. fxe4 Ne5 23. Qf2 Qxf2+ 24. Kxf2 Nxd3+ 25. cxd3 Rb8 26. Ke3 Kf8 27.
Ne2 Rxb3 28. Nd4 Rb2 29. Rf1 Ke7 30. Rf2 Rxf2 31. Kxf2 c5 32. Nb5 Kf6 33. Ke3
Ke5 34. Nc3 Bb3 35. Ne2 f5 36. Nf4 fxe4 37. dxe4 Bc2 38. Ng6+ Kf6 39. Nf8 Ba4
40. h5 Be8 41. Kd3 Ke7 42. Ng6+ Bxg6 43. hxg6 Ke6 44. Kc4 Ke5 45. Kxc5 Kxe4 46.
Kd6 Kf5 47. Kd5 Kxg6 48. Ke4 Kg5 49. Kf3 Kh4 50. Kf4 g5+ 51. Kf3 h5 52. Kf2 Kg4
53. g3 Kh3 54. Kf3 g4+ 55. Kf2 Kh2 56. Kf1 h4 0-1

[Event "DEM U12 2016"]
[Site "Willingen GER"]
[Date "2016.05.20"]
[Round "10"]
[White "Nguyen, Alex Dac-Vuong"]
[Black "Post, Hugo"]
[Result "1-0"]
[Termination "normal"]
[Board "2"]
[WhiteElo "1899"]
[BlackElo "1869"]
[WhiteClock "01:18:56"]
[BlackClock "00:44:03"]
[PlyCount "67"]
[WhiteFideId "12984388"]
[BlackFideId "12962490"]
[EventCountry "GER"]
[EventRounds "11"]
[EventType "swiss"]
[EventDate "2016.05.14"]

1. e4 c5 2. Nf3 d6 3. d4 cxd4 4. Nxd4 Nf6 5. Nc3 Nc6 6. Bg5 e6 7. Qd2 Be7 8.
O-O-O O-O 9. f3 Nxd4 10. Qxd4 Qa5 11. h4 Bd7 12. Kb1 Rfc8 13. Qd2 Qc7 14. e5
dxe5 15. Bxf6 Bxf6 16. Qxd7 Qc5 17. Qb5 Qf2 18. Qe2 Qb6 19. Ne4 Be7 20. Qf2 Qb4
21. Bd3 f5 22. Ng5 Bf6 23. a3 Qa5 24. Qd2 Qb6 25. Qb4 Qc6 26. Qb5 h6 27. Qxc6
Rxc6 28. Nxe6 Rxe6 29. Bc4 Rae8 30. Rd6 Kf7 31. Rhd1 Bxh4 32. Rxe6 Rxe6 33. Rd6
b5 34. Bd5 1-0

[Event "DEM U12 2016"]
[Site "Willingen GER"]
[Date "2016.05.20"]
[Round "10"]
[White "Trifan, Andrei Ioan"]
[Black "Astner, Sebastian"]
[Result "1/2-1/2"]
[Termination "normal"]
[Board "3"]
[WhiteElo "2099"]
[BlackElo "1712"]
[WhiteClock "00:02:43"]
[BlackClock "00:06:18"]
[PlyCount "86"]
[WhiteFideId "12967068"]
[BlackFideId "12979422"]
[EventCountry "GER"]
[EventRounds "11"]
[EventType "swiss"]
[EventDate "2016.05.14"]

1. e4 Nc6 2. Nf3 Nf6 3. e5 Nd5 4. Nc3 e6 5. Nxd5 exd5 6. d4 d6 7. Bf4 Bg4 8.
Qd2 Qd7 9. O-O-O Be7 10. c3 O-O-O 11. Bb5 h6 12. Rhe1 g5 13. Bg3 h5 14. c4 a6
15. Ba4 dxc4 16. d5 b5 17. dxc6 Qxc6 18. Bc2 dxe5 19. Qc3 f6 20. h4 Bc5 21. Kb1
Be6 22. Rxd8+ Rxd8 23. Be4 Qb6 24. hxg5 f5 25. Ba8 e4 26. Qf6 c3 27. b3 Bxf2
28. Bc6 Qxc6 29. Bxf2 c2+ 30. Kc1 Rd1+ 31. Rxd1 cxd1=Q+ 32. Kxd1 exf3 33. g3
Kb7 34. Qd4 Qd5 35. Kd2 Kc6 36. Qxd5+ Kxd5 37. Ke3 c5 38. Kxf3 c4 39. b4 Ke5
40. Ke3 c3 41. Kd3 Bxa2 42. Bd4+ Kd5 43. Bxc3 Bc4+ 1/2-1/2

[Event "DEM U12 2016"]
[Site "Willingen GER"]
[Date "2016.05.20"]
[Round "10"]
[White "Sulayev, Daniel"]
[Black "Wu, Leon"]
[Result "1-0"]
[Termination "normal"]
[Board "4"]
[WhiteElo "1791"]
[BlackElo "1743"]
[WhiteClock "00:29:57"]
[BlackClock "00:16:00"]
[PlyCount "81"]
[WhiteFideId "12977675"]
[BlackFideId "12977438"]
[EventCountry "GER"]
[EventRounds "11"]
[EventType "swiss"]
[EventDate "2016.05.14"]

1. e4 c5 2. Nf3 d6 3. d4 cxd4 4. Qxd4 Nc6 5. Bb5 e5 6. Qd3 Be7 7. Nc3 a6 8.
Bxc6+ bxc6 9. O-O Nf6 10. Bg5 h6 11. Bxf6 Bxf6 12. Rad1 Be7 13. Na4 O-O 14. c4
f5 15. c5 d5 16. Nxe5 fxe4 17. Qg3 Qe8 18. Ng6 Rf7 19. Nb6 Ra7 20. Qb8 Bxc5 21.
Qxc8 Qxc8 22. Nxc8 Rac7 23. Rc1 Bxf2+ 24. Rxf2 Rxc8 25. Rxf7 Kxf7 26. Rxc6 Rb8
27. b3 a5 28. Kf2 a4 29. Ne5+ Ke7 30. Ra6 Rf8+ 31. Ke2 Rf5 32. Nc6+ Kd7 33. Nd4
Rg5 34. Kf2 axb3 35. axb3 Rg4 36. g3 Rg5 37. b4 Re5 38. Ke3 Rh5 39. Ra7+ Kd6
40. h4 g5 41. g4 1-0

[Event "DEM U12 2016"]
[Site "Willingen GER"]
[Date "2016.05.20"]
[Round "10"]
[White "Hinrichs, Paul"]
[Black "Kölle, Tobias"]
[Result "1/2-1/2"]
[Termination "normal"]
[Board "5"]
[WhiteElo "1795"]
[BlackElo "1714"]
[WhiteClock "00:35:08"]
[BlackClock "00:38:16"]
[PlyCount "103"]
[WhiteFideId "12942545"]
[BlackFideId "16207378"]
[EventCountry "GER"]
[EventRounds "11"]
[EventType "swiss"]
[EventDate "2016.05.14"]

1. d4 d5 2. c4 dxc4 3. e3 e5 4. Bxc4 exd4 5. exd4 Nf6 6. Nf3 Be7 7. O-O O-O 8.
Re1 Bg4 9. Nc3 Nbd7 10. Be3 c6 11. Bb3 Nb6 12. Bg5 h6 13. Bh4 Re8 14. Bxf7+
Kxf7 15. Ne5+ Kg8 16. Nxg4 Nxg4 17. Bxe7 Rxe7 18. Qxg4 Qe8 19. Rxe7 Qxe7 20.
Qe2 Qxe2 21. Nxe2 Nd5 22. Nc3 Rd8 23. a3 Kf7 24. f3 Ne3 25. d5 cxd5 26. Kf2 d4
27. Ne2 Nc2 28. Rc1 d3 29. Nc3 Ke6 30. Rd1 Ke5 31. Ne4 Kd4 32. Nd2 Re8 33. Nb3+
Kc4 34. Nc1 Rd8 35. Rd2 b5 36. Nxd3 Rxd3 37. Rxc2+ Kb3 38. Re2 Rd1 39. Kg3 Rb1
40. Re5 a6 41. Re6 Rxb2 42. Rxa6 Ra2 43. Ra5 Kc4 44. Ra7 Kb3 45. Ra5 Kc4 46.
Kh3 Kc5 47. Ra8 Kc6 48. Rc8+ Kb6 49. Rc3 Ka5 50. Rb3 Ka4 51. Rb4+ Ka5 52. Rb3
1/2-1/2

[Event "DEM U12 2016"]
[Site "Willingen GER"]
[Date "2016.05.20"]
[Round "10"]
[White "Lutz, Ruben"]
[Black "Dobrikov, Marco"]
[Result "0-1"]
[Termination "normal"]
[Board "6"]
[WhiteElo "1693"]
[BlackElo "1943"]
[WhiteClock "00:03:06"]
[BlackClock "00:15:58"]
[PlyCount "92"]
[WhiteFideId "12975974"]
[BlackFideId "12950378"]
[EventCountry "GER"]
[EventRounds "11"]
[EventType "swiss"]
[EventDate "2016.05.14"]

1. d4 c5 2. c3 Qa5 3. Nf3 cxd4 4. Nxd4 Nf6 5. Nd2 Nc6 6. N2f3 g6 7. Nb3 Qc7 8.
Bg5 Bg7 9. e3 O-O 10. Be2 d6 11. O-O Bd7 12. Nfd4 a6 13. Re1 Ne5 14. Qc2 Rac8
15. Rad1 b5 16. a3 Qb6 17. e4 Qb7 18. f3 Rfd8 19. Be3 Qc7 20. Nd2 Nc6 21. Nf1
d5 22. Nxc6 Bxc6 23. exd5 Bxd5 24. Bf2 Be6 25. Ng3 Qb8 26. Bf1 a5 27. Qe2 b4
28. axb4 axb4 29. Bd4 bxc3 30. Bxc3 Rxd1 31. Rxd1 Nd5 32. Bxg7 Kxg7 33. Qd2 Qb3
34. Qd4+ Kg8 35. Rd2 Rc1 36. Kf2 f6 37. Ne4 Bf7 38. Be2 e5 39. Qd3 Qb6+ 40. Kg3
f5 41. Ng5 f4+ 42. Kh3 Be6+ 43. Nxe6 Qxe6+ 44. g4 fxg3+ 45. Kxg3 Rg1+ 46. Kh4
Qf6+ 0-1

[Event "DEM U12 2016"]
[Site "Willingen GER"]
[Date "2016.05.20"]
[Round "10"]
[White "Kotyk, Michael"]
[Black "Weihrauch, Jakob"]
[Result "1-0"]
[Termination "normal"]
[Board "7"]
[WhiteElo "1818"]
[BlackElo "1856"]
[WhiteClock "00:43:39"]
[BlackClock "00:20:47"]
[PlyCount "105"]
[WhiteFideId "16214501"]
[BlackFideId "16210115"]
[EventCountry "GER"]
[EventRounds "11"]
[EventType "swiss"]
[EventDate "2016.05.14"]

1. e4 c5 2. Ne2 d6 3. g3 b5 4. a4 Bb7 5. Bg2 a6 6. axb5 axb5 7. Rxa8 Bxa8 8. c3
Nf6 9. d3 Nbd7 10. O-O e6 11. h3 Be7 12. Be3 Nb6 13. Nd2 Nfd7 14. d4 Qc7 15. f4
O-O 16. Qe1 Nc4 17. Nxc4 bxc4 18. g4 f5 19. d5 Nf6 20. g5 Nxe4 21. Bxe4 fxe4
22. dxe6 g6 23. Qh4 Qc8 24. f5 Rxf5 25. Rxf5 gxf5 26. Nf4 Qf8 27. Qh5 Bc6 28.
g6 Qg7 29. Kf2 Be8 30. gxh7+ Kh8 31. Qxe8+ Kxh7 32. Qh5+ Kg8 33. Qg6 Bf6 34.
Qxg7+ Kxg7 35. Nh5+ Kg6 36. Nxf6 Kxf6 37. h4 Kxe6 38. h5 Kf6 39. h6 d5 40. Bxc5
f4 41. Bd6 f3 42. Bf4 Kg6 43. Ke3 Kh7 44. Kf2 Kg6 45. Kg3 Kf6 46. Be3 Kg6 47.
Kf4 Kxh6 48. Ke5+ Kh5 49. Kxd5 Kg4 50. Kxe4 Kg3 51. Kd4 f2 52. Bxf2+ Kxf2 53.
Kxc4 1-0

[Event "DEM U12 2016"]
[Site "Willingen GER"]
[Date "2016.05.20"]
[Round "10"]
[White "Hoffmann, Simon"]
[Black "Englert, Jon"]
[Result "0-1"]
[Termination "normal"]
[Board "8"]
[WhiteElo "1710"]
[BlackElo "1663"]
[WhiteClock "00:01:15"]
[BlackClock "00:41:28"]
[PlyCount "66"]
[WhiteFideId "12979686"]
[BlackFideId "12992275"]
[EventCountry "GER"]
[EventRounds "11"]
[EventType "swiss"]
[EventDate "2016.05.14"]

1. e4 c5 2. Nc3 Nc6 3. g3 Rb8 4. Bg2 b5 5. d3 e6 6. Bf4 d6 7. Qd2 b4 8. Nd1 g6
9. Ne2 Nd4 10. Nxd4 cxd4 11. e5 d5 12. O-O h6 13. Qe2 Bg7 14. Bd2 Qc7 15. Rc1
Ne7 16. f4 Qb6 17. Be1 Qa6 18. Bf2 Nc6 19. Ra1 O-O 20. h4 Rb5 21. a4 Rb8 22. b3
Qb7 23. Kh2 Qe7 24. h5 g5 25. Be1 f5 26. Rh1 Bd7 27. Bf1 Kh7 28. Qg2 Rg8 29.
Qh3 gxf4 30. gxf4 Nxe5 31. Be2 Nc6 32. Rf1 Bf6 33. Nb2 e5 0-1

[Event "DEM U12 2016"]
[Site "Willingen GER"]
[Date "2016.05.20"]
[Round "10"]
[White "Wu, Luka"]
[Black "Do, Nam"]
[Result "0-1"]
[Termination "normal"]
[Board "9"]
[WhiteElo "1777"]
[BlackElo "1890"]
[WhiteClock "00:23:23"]
[BlackClock "00:19:09"]
[PlyCount "128"]
[WhiteFideId "12977420"]
[BlackFideId "12998885"]
[EventCountry "GER"]
[EventRounds "11"]
[EventType "swiss"]
[EventDate "2016.05.14"]

1. e4 e5 2. Nf3 Nc6 3. Bb5 a6 4. Bxc6 dxc6 5. O-O Qd6 6. d4 exd4 7. Nxd4 Bd7 8.
Be3 f6 9. Nc3 h5 10. f4 Ne7 11. h3 O-O-O 12. Qf3 g6 13. Rfd1 Qb4 14. a3 Qc4 15.
Rd3 Bh6 16. Rad1 Qf7 17. Nb3 b6 18. Qf2 c5 19. Qd2 Nc6 20. Rd5 Be6 21. Qe2 Kb7
22. Rxd8 Rxd8 23. Rxd8 Nxd8 24. Nd2 Nc6 25. Nf3 Bc4 26. Qd2 Qe7 27. b3 Bf7 28.
a4 Nb4 29. Ne1 Bf8 30. Nd3 Nc6 31. Nb2 Qe8 32. Kf2 Bd6 33. Kf3 Nb4 34. Nd3 Nxd3
35. Qxd3 Qc6 36. Nd5 f5 37. Nc3 c4 38. bxc4 Bxc4 39. Qd4 Bb4 40. Nd5 fxe4+ 41.
Kxe4 Qe6+ 42. Qe5 Bxd5+ 43. Kd3 Qxe5 44. fxe5 Bxg2 45. h4 Kc6 46. Bf4 Kd5 47.
Bg3 Be4+ 48. Ke3 Bxc2 49. Bf4 Bxa4 50. Bg3 Bd7 51. Kd3 Bf5+ 52. Ke3 a5 53. Ke2
a4 54. Kd1 Bc3 55. Ke2 a3 56. e6 Kxe6 57. Kf3 a2 58. Kf4 a1=Q 59. Kg5 Bd2+ 60.
Bf4 Qf6+ 61. Kh6 Bxf4+ 62. Kh7 g5+ 63. Kg8 Qf7+ 64. Kh8 Be5# 0-1

[Event "DEM U12 2016"]
[Site "Willingen GER"]
[Date "2016.05.20"]
[Round "10"]
[White "Pubantz, Jan"]
[Black "Grund, Sebastian"]
[Result "1-0"]
[Termination "normal"]
[Board "11"]
[WhiteElo "1551"]
[BlackElo "1773"]
[PlyCount "69"]
[WhiteFideId "12996114"]
[BlackFideId "12988626"]
[EventCountry "GER"]
[EventRounds "11"]
[EventType "swiss"]
[EventDate "2016.05.14"]

1. d4 Nf6 2. Nf3 g6 3. Nc3 d5 4. Bf4 Bg7 5. e3 O-O 6. Be2 c5 7. O-O cxd4 8.
exd4 Nc6 9. Ne5 Qb6 10. Nxc6 bxc6 11. Na4 Qa5 12. Nc5 Nd7 13. Nb3 Qb6 14. c3 e5
15. dxe5 Nxe5 16. Be3 Qc7 17. f4 Nd7 18. Bd4 Re8 19. Bxg7 Kxg7 20. c4 dxc4 21.
Qd4+ Nf6 22. Bxc4 Re4 23. Qc3 Rxf4 24. Rxf4 Qxf4 25. Rf1 Qd6 26. Nd2 Bf5 27. g4
Rd8 28. g5 Qd4+ 29. Qxd4 Rxd4 30. gxf6+ Kxf6 31. Rf2 h5 32. Bb3 g5 33. Bc2 Rd5
34. Nf1 Kg6 35. Ne3 1-0

[Event "DEM U12 2016"]
[Site "Willingen GER"]
[Date "2016.05.20"]
[Round "10"]
[White "Pauls, Fynn"]
[Black "Hassemeier, Mika"]
[Result "1-0"]
[Termination "normal"]
[Board "12"]
[WhiteElo "1726"]
[BlackElo "1769"]
[PlyCount "85"]
[WhiteFideId "16213149"]
[BlackFideId "12994880"]
[EventCountry "GER"]
[EventRounds "11"]
[EventType "swiss"]
[EventDate "2016.05.14"]

1. Nf3 Nf6 2. c4 g6 3. g3 Bg7 4. Bg2 O-O 5. O-O d6 6. d4 c5 7. Nc3 a6 8. Qc2
Nbd7 9. Rd1 Qc7 10. b3 Rb8 11. a4 b6 12. e4 cxd4 13. Nxd4 Bb7 14. Nd5 Nxd5 15.
exd5 Rfc8 16. Bb2 Nf6 17. Qe2 Re8 18. Re1 Rbc8 19. Rad1 Nd7 20. Bh3 Rcd8 21.
Bxd7 Qxd7 22. Ba3 Rc8 23. Qd2 Rb8 24. Re2 Qc7 25. Rde1 Rbd8 26. Qf4 Ba8 27. Qh4
Bf6 28. Qf4 Bg7 29. Qd2 Bb7 30. Nf3 Bf6 31. Qh6 Bg7 32. Qf4 Bf6 33. Ng5 Rd7 34.
Qh4 Bxg5 35. Qxg5 b5 36. Bb2 e5 37. dxe6 Rxe6 38. Rxe6 fxe6 39. Qf6 Qc6 40.
Qh8+ Kf7 41. Qg7+ Ke8 42. Qg8+ Ke7 43. Rxe6# 1-0

[Event "DEM U12 2016"]
[Site "Willingen GER"]
[Date "2016.05.20"]
[Round "10"]
[White "Breß, Aaron"]
[Black "Colbow, Collin"]
[Result "1/2-1/2"]
[Termination "normal"]
[Board "13"]
[WhiteElo "1650"]
[BlackElo "1632"]
[PlyCount "68"]
[WhiteFideId "12996432"]
[BlackFideId "16201132"]
[EventCountry "GER"]
[EventRounds "11"]
[EventType "swiss"]
[EventDate "2016.05.14"]

1. e4 e5 2. Nf3 Nc6 3. Bb5 a6 4. Ba4 Nf6 5. O-O Be7 6. Re1 b5 7. Bb3 d6 8. c3
O-O 9. h3 Na5 10. Bc2 c5 11. d4 Qc7 12. Nbd2 cxd4 13. cxd4 Nc6 14. d5 Nb4 15.
Bb1 a5 16. Qe2 Bd7 17. Nf1 Na6 18. Ng3 Nc5 19. Be3 Rfc8 20. Bc2 b4 21. Rec1 Qb7
22. Nd2 a4 23. Qd1 Bb5 24. b3 Ra6 25. Bxc5 Rxc5 26. bxa4 Bd7 27. Bb3 Qa7 28.
Rxc5 Qxc5 29. Rc1 Qa7 30. Rc4 Qb7 31. Qc2 Bd8 32. Qd1 Bb6 33. Qe1 Bc5 34. Kf1
Kf8 1/2-1/2

[Event "DEM U12 2016"]
[Site "Willingen GER"]
[Date "2016.05.20"]
[Round "10"]
[White "Li, Simon"]
[Black "Evering, Sören"]
[Result "1/2-1/2"]
[Termination "normal"]
[Board "14"]
[WhiteElo "1960"]
[BlackElo "1844"]
[PlyCount "78"]
[WhiteFideId "12972134"]
[BlackFideId "12974650"]
[EventCountry "GER"]
[EventRounds "11"]
[EventType "swiss"]
[EventDate "2016.05.14"]

1. e4 e5 2. Nf3 Nc6 3. Bc4 Bc5 4. c3 Nf6 5. d3 d6 6. h3 a6 7. Bg5 h6 8. Bh4 O-O
9. O-O Bd7 10. Nbd2 Ba7 11. Re1 Na5 12. Bb3 Nxb3 13. axb3 Re8 14. Nf1 Qe7 15.
d4 Rad8 16. d5 c6 17. c4 cxd5 18. cxd5 Rc8 19. Ng3 g5 20. Nxg5 hxg5 21. Bxg5
Kh7 22. Qf3 Kg6 23. Nf5 Bxf5 24. Qxf5+ Kg7 25. Rac1 Rxc1 26. Rxc1 Bxf2+ 27.
Qxf2 Nxe4 28. Bxe7 Nxf2 29. Bxd6 Nd3 30. Rd1 e4 31. Bc7 Re7 32. d6 Rd7 33. Rd2
Nc5 34. Rd4 Ne6 35. Rc4 f5 36. Kf2 Kf6 37. Ke3 Ke5 38. g3 Kd5 39. h4 Ke5
1/2-1/2

[Event "DEM U12 2016"]
[Site "Willingen GER"]
[Date "2016.05.20"]
[Round "10"]
[White "Yi, Danny"]
[Black "Röhr, Oliver"]
[Result "1-0"]
[Termination "normal"]
[Board "15"]
[WhiteElo "1863"]
[BlackElo "1739"]
[PlyCount "45"]
[WhiteFideId "12988588"]
[BlackFideId "12987697"]
[EventCountry "GER"]
[EventRounds "11"]
[EventType "swiss"]
[EventDate "2016.05.14"]

1. e4 e5 2. Nf3 Nc6 3. Bc4 Bc5 4. c3 Nf6 5. d4 exd4 6. e5 d5 7. Bb5 Ne4 8. cxd4
Bb6 9. h3 Bf5 10. O-O O-O 11. Nc3 Nxc3 12. bxc3 a6 13. Bd3 Bxd3 14. Qxd3 Na5
15. Ng5 g6 16. Qg3 h6 17. Nf3 Kg7 18. Nh4 h5 19. f4 Qd7 20. f5 Kg8 21. Bh6 Rfe8
22. fxg6 f6 23. exf6 1-0

[Event "DEM U12 2016"]
[Site "Willingen GER"]
[Date "2016.05.20"]
[Round "10"]
[White "Pahl, Erik"]
[Black "Krastev, Alexander"]
[Result "0-1"]
[Termination "normal"]
[Board "16"]
[WhiteElo "1631"]
[BlackElo "1931"]
[PlyCount "42"]
[WhiteFideId "16201272"]
[BlackFideId "12989983"]
[EventCountry "GER"]
[EventRounds "11"]
[EventType "swiss"]
[EventDate "2016.05.14"]

1. e4 e5 2. Nf3 Nc6 3. Bb5 f5 4. Nc3 fxe4 5. Nxe4 d5 6. Nxe5 dxe4 7. Nxc6 Qd5
8. c4 Qd6 9. Nxa7+ Bd7 10. Bxd7+ Qxd7 11. Nb5 Nf6 12. O-O Bc5 13. Qc2 O-O 14.
h3 Rae8 15. b3 Nh5 16. Bb2 Ng3 17. Nc3 Nxf1 18. Rxf1 Qd3 19. Qd1 Rxf2 20. Rxf2
Rf8 21. Kh2 Rxf2 0-1

[Event "DEM U12 2016"]
[Site "Willingen GER"]
[Date "2016.05.20"]
[Round "10"]
[White "Hundrieser, Malte"]
[Black "Wensing, Jonathan"]
[Result "1-0"]
[Termination "normal"]
[Board "17"]
[WhiteElo "1845"]
[BlackElo "1578"]
[PlyCount "61"]
[WhiteFideId "12997153"]
[BlackFideId "16222482"]
[EventCountry "GER"]
[EventRounds "11"]
[EventType "swiss"]
[EventDate "2016.05.14"]

1. e4 c5 2. Nf3 d6 3. d4 cxd4 4. Nxd4 Nf6 5. Nc3 g6 6. Be3 Bg7 7. Qd2 O-O 8. f3
Nc6 9. O-O-O Bd7 10. g4 Rc8 11. Kb1 Ne5 12. h4 h5 13. gxh5 Nxh5 14. Bh6 Nc4 15.
Bxc4 Rxc4 16. Bxg7 Kxg7 17. Rhg1 Rh8 18. f4 Nf6 19. f5 Rxc3 20. Qxc3 Rxh4 21.
fxg6 Rxe4 22. gxf7+ Kxf7 23. Nf3 Rg4 24. Rxg4 Nxg4 25. Qc4+ Kg6 26. Rg1 Qc8 27.
Qe4+ Kf6 28. Nh4 Ne5 29. Rf1+ Ke6 30. Ng6 Bc6 31. Qf5+ 1-0

[Event "DEM U12 2016"]
[Site "Willingen GER"]
[Date "2016.05.20"]
[Round "10"]
[White "Kolb, Tobias"]
[Black "Haufe, Laurin"]
[Result "0-1"]
[Termination "normal"]
[Board "18"]
[WhiteElo "1535"]
[BlackElo "1575"]
[PlyCount "64"]
[WhiteFideId "12992321"]
[BlackFideId "12976504"]
[EventCountry "GER"]
[EventRounds "11"]
[EventType "swiss"]
[EventDate "2016.05.14"]

1. e4 c5 2. Nf3 d6 3. d4 cxd4 4. Qxd4 a6 5. Bc4 Nc6 6. Qd3 Nf6 7. Nc3 e6 8. Bg5
Be7 9. O-O-O Qa5 10. a3 O-O 11. Qe3 Rd8 12. Bxf6 Bxf6 13. Rd3 b5 14. Bb3 Bb7
15. Rhd1 b4 16. Nb1 Qc7 17. Qf4 bxa3 18. Nxa3 Na5 19. Ba2 Qb6 20. e5 dxe5 21.
Rxd8+ Rxd8 22. Rxd8+ Qxd8 23. Qg3 e4 24. Nd2 h6 25. Qg4 Qd4 26. c3 Qxf2 27. Qd1
e3 28. Nf3 Bxf3 29. Qxf3 Qd2+ 30. Kb1 e2 31. Qa8+ Kh7 32. Qe4+ g6 0-1

[Event "DEM U12 2016"]
[Site "Willingen GER"]
[Date "2016.05.20"]
[Round "10"]
[White "Lommel, Hagen"]
[Black "Jakob, Georg"]
[Result "1-0"]
[Termination "normal"]
[Board "20"]
[WhiteElo "1619"]
[BlackElo "1533"]
[PlyCount "37"]
[WhiteFideId "12972380"]
[BlackFideId "16224221"]
[EventCountry "GER"]
[EventRounds "11"]
[EventType "swiss"]
[EventDate "2016.05.14"]

1. e4 c5 2. Nf3 a6 3. Nc3 e6 4. d4 cxd4 5. Nxd4 Qc7 6. Be2 b5 7. Be3 Bb7 8. f4
d6 9. O-O Nf6 10. Bf3 Be7 11. e5 dxe5 12. Bxb7 Qxb7 13. fxe5 Nfd7 14. Qh5 O-O
15. Rf3 g6 16. Qh6 Rd8 17. Rxf7 Kxf7 18. Qxh7+ Kf8 19. Nxe6+ 1-0

[Event "DEM U12 2016"]
[Site "Willingen GER"]
[Date "2016.05.20"]
[Round "10"]
[White "Deutsch, Christoph"]
[Black "Tham, Minh"]
[Result "1/2-1/2"]
[Termination "normal"]
[Board "21"]
[WhiteElo "1663"]
[BlackElo "1737"]
[PlyCount "119"]
[WhiteFideId "16206878"]
[BlackFideId "12997323"]
[EventCountry "GER"]
[EventRounds "11"]
[EventType "swiss"]
[EventDate "2016.05.14"]

1. e4 e5 2. Nf3 Nc6 3. Bc4 Bc5 4. c3 Nf6 5. d3 a6 6. Nbd2 Na5 7. Nxe5 Nxc4 8.
Nexc4 d5 9. exd5 Ng4 10. d4 Be7 11. O-O Qxd5 12. Re1 Be6 13. Ne5 Nxe5 14. Rxe5
Qd6 15. Nf3 O-O 16. Qc2 Bf6 17. Re1 h6 18. Ne5 Rfe8 19. Bf4 Qd8 20. Re2 c6 21.
Rae1 Bd5 22. Bg3 Rc8 23. Ng4 Rxe2 24. Rxe2 Bc4 25. Nxf6+ Qxf6 26. Re3 Be6 27.
Be5 Qf5 28. Qxf5 Bxf5 29. Bd6 Be6 30. b3 Rd8 31. Bc5 Re8 32. f3 Bd7 33. Rxe8+
Bxe8 34. Kf2 f5 35. Ke3 Kf7 36. Kf4 Kf6 37. Ke3 g5 38. Kd3 b5 39. Bd6 Ke6 40.
Bb8 f4 41. Be5 Bg6+ 42. Kd2 h5 43. a4 Kf5 44. g3 fxg3 45. Bxg3 g4 46. fxg4+
hxg4 47. axb5 axb5 48. c4 bxc4 49. bxc4 Ke6 50. Ke3 Kf5 51. d5 cxd5 52. cxd5
Kf6 53. Kf4 Bf5 54. Bh4+ Kg6 55. Ke5 Bc8 56. Kd6 Kf7 57. Kc7 Bf5 58. d6 Ke8 59.
Be7 Be6 60. Bf6 1/2-1/2

[Event "DEM U12 2016"]
[Site "Willingen GER"]
[Date "2016.05.20"]
[Round "10"]
[White "Karl, Simon"]
[Black "Breitzmann, Sander"]
[Result "1/2-1/2"]
[Termination "normal"]
[Board "22"]
[WhiteElo "1451"]
[BlackElo "1582"]
[PlyCount "47"]
[WhiteFideId "16217985"]
[BlackFideId "12987085"]
[EventCountry "GER"]
[EventRounds "11"]
[EventType "swiss"]
[EventDate "2016.05.14"]

1. d4 d5 2. c4 c6 3. Nf3 Nf6 4. g3 e6 5. Bg2 dxc4 6. Ne5 Bd6 7. Nxc4 Bc7 8. O-O
O-O 9. Nc3 Nbd7 10. e4 b5 11. Nd2 e5 12. Nf3 Bb7 13. Be3 b4 14. dxe5 Nxe5 15.
Nxe5 bxc3 16. Nc4 Ba6 17. b3 Bb6 18. Nxb6 Bxf1 19. Nxa8 Bxg2 20. Kxg2 Qxa8 21.
f3 Re8 22. Qc2 Nd5 23. Bc5 Nc7 24. Qxc3 1/2-1/2

[Event "DEM U12 2016"]
[Site "Willingen GER"]
[Date "2016.05.20"]
[Round "10"]
[White "Parshykov, Edgar"]
[Black "Kanzow, Alexander"]
[Result "1-0"]
[Termination "normal"]
[Board "23"]
[WhiteElo "1599"]
[BlackElo "1421"]
[PlyCount "137"]
[WhiteFideId "16222458"]
[BlackFideId "16225414"]
[EventCountry "GER"]
[EventRounds "11"]
[EventType "swiss"]
[EventDate "2016.05.14"]

1. d4 d5 2. Nf3 Nf6 3. Bg5 e6 4. e3 Be7 5. c4 c6 6. Nc3 O-O 7. Bd3 Nbd7 8. O-O
b6 9. Qe2 Bb7 10. Rac1 Rc8 11. Rfd1 Qc7 12. cxd5 exd5 13. Nb5 Qb8 14. Bf4 Qa8
15. Nc7 Qb8 16. Ne6 Bd6 17. Nxf8 Rxf8 18. Bxd6 Qxd6 19. Bf5 Re8 20. Qc2 h6 21.
Qa4 a5 22. Bd3 Ne4 23. h3 Ndf6 24. Ne5 Rc8 25. Qa3 Qxa3 26. bxa3 b5 27. f3 Nd6
28. a4 Nc4 29. axb5 cxb5 30. Kf2 Ba6 31. e4 g6 32. exd5 Nxd5 33. Nxc4 bxc4 34.
Be4 Nf6 35. Bb1 Kf8 36. Ke3 Nd5+ 37. Kf2 Ke7 38. Be4 Kd6 39. Bxd5 Kxd5 40. Rc3
Rb8 41. Rd2 h5 42. Ra3 Rb5 43. Ke3 g5 44. f4 f6 45. fxg5 fxg5 46. Rc2 Bc8 47.
Ra4 Bf5 48. Rcxc4 Bd7 49. Kd3 Bf5+ 50. Kc3 Bd7 51. Ra3 h4 52. Rc5+ Rxc5+ 53.
dxc5 a4 54. Kb4 Bc6 55. Rxa4 Bxa4 56. Kxa4 Kxc5 57. Kb3 Kd4 58. a4 Ke3 59. a5
Kf2 60. a6 Kxg2 61. a7 Kxh3 62. a8=Q g4 63. Qh1+ Kg3 64. Kc3 h3 65. Qg1+ Kf3
66. Kd3 g3 67. Qf1+ Kg4 68. Ke3 h2 69. Qg2 1-0

[Event "DEM U12 2016"]
[Site "Willingen GER"]
[Date "2016.05.20"]
[Round "10"]
[White "Hetzner, Hannes"]
[Black "Simukov, Erik"]
[Result "0-1"]
[Termination "normal"]
[Board "24"]
[WhiteElo "1319"]
[BlackElo "1518"]
[PlyCount "64"]
[WhiteFideId "16211936"]
[BlackFideId "12995380"]
[EventCountry "GER"]
[EventRounds "11"]
[EventType "swiss"]
[EventDate "2016.05.14"]

1. e4 e5 2. Nf3 Nc6 3. Bb5 a6 4. Bxc6 dxc6 5. O-O Nf6 6. Re1 Bd6 7. d4 Bg4 8.
dxe5 Bxf3 9. Qxf3 Bxe5 10. Nd2 b5 11. Nb3 O-O 12. c3 Re8 13. Bf4 Bxf4 14. Qxf4
Qe7 15. f3 Rac8 16. Rad1 Nd7 17. Nd4 Ne5 18. Qg3 c5 19. Nf5 Qf6 20. Rd5 c4 21.
Red1 Nd3 22. Nxg7 Qb6+ 23. Rd4 Kh8 24. Nxe8 Rxe8 25. Kh1 Rg8 26. Qh4 b4 27.
R4xd3 cxd3 28. Rxd3 bxc3 29. Qe1 cxb2 30. Rb3 Qd6 31. Qb1 Rd8 32. Rxb2 Qd1+ 0-1